Sports Quiz

Random Sports or Soccer Quiz
Score 0/69 Timer 10:00
0 Plays Today
Country % Correct
Iran
95.4%
Saudi Arabia
86.2%
UAE
84.6%
China
84.6%
Syria
83.1%
South Korea
83.1%
Turkey
83.1%
Japan
83.1%
Kuwait
81.5%
India
80%
North Korea
80%
Egypt
78.5%
Qatar
78.5%
Pakistan
78.5%
Jordan
76.9%
Bahrain
75.4%
Oman
75.4%
Morocco
75.4%
Libya
72.3%
Algeria
72.3%
Australia
72.3%
Spain
72.3%
Tunisia
70.8%
Lebanon
70.8%
Afghanistan
70.8%
Brazil
70.8%
Thailand
69.2%
Indonesia
67.7%
Malaysia
67.7%
New Zealand
66.2%
Uzbekistan
66.2%
Vietnam
66.2%
South Africa
66.2%
Mexico
64.6%
Sudan
61.5%
Country % Correct
Palestine
56.9%
Singapore
56.9%
Turkmenistan
56.9%
Ghana
53.8%
Nepal
53.8%
Kazakhstan
53.8%
Taiwan
52.3%
Tajikistan
52.3%
Chile
50%
Paraguay
49.2%
Mauritania
47.7%
Romania
47.7%
Belgium
47.7%
Ethiopia
47.7%
Kenya
46.2%
Kyrgyzstan
44.6%
Cyprus
41.5%
Poland
40%
Finland
38.5%
Uganda
32.3%
Estonia
32.3%
Guinea
29.2%
Myanmar
29.2%
Liberia
29.2%
Burma
27.7%
Congo
27.7%
East Germany
24.6%
Sierra Leone
23.1%
Botswana
23.1%
South Yemen
21.5%
Moldova
20%
Macau
20%
Trinidad and Tobago
13.8%
Ceylon
3.1%
Remove Ads.
Support Sporcle.
Get the best of Sporcle when you Go Orange. This ad-free experience offers more features, more stats, and more fun while also helping to support Sporcle. Thank you for becoming a member.

You're not logged in!

Compare scores with friends on all Sporcle quizzes.
OR
Log In

Show Comments

Extras

Created Oct 13, 2013ReportNominate
Tags:Football Quiz, Soccer Quiz, Iraq

Top Quizzes Today


Score Distribution

Your Account Isn't Verified!

In order to create a playlist on Sporcle, you need to verify the email address you used during registration. Go to your Sporcle Settings to finish the process.

Report this User

Report this user for behavior that violates our Community Guidelines.

Details: